Statistics for All 5M cities

Click here to take the quiz!

General Stats

  • This quiz has been taken 21 times
  • The average score is 72 of 94

Answer Stats

PopulationCity% Correct
15.92 millionBuenos Aires
94%
21.80 millionCairo
94%
46.96 millionGuangzhou
94%
13.00 millionJohannesburg
94%
17.93 millionKarachi
94%
17.81 millionLos Angeles
94%
23.18 millionMexico City
94%
17.29 millionMoscow
94%
22.51 millionNew York City
94%
12.00 millionParis
94%
23.06 millionSão Paulo
94%
25.92 millionSeoul
94%
33.95 millionShanghai
94%
18.42 millionBangkok
89%
19.03 millionBeijing
89%
9.90 millionBogota
89%
9.81 millionChengdu
89%
8.14 millionChongqing
89%
30.51 millionDelhi
89%
15.67 millionIstanbul
89%
31.62 millionJakarta
89%
12.81 millionLahore
89%
9.92 millionLima
89%
26.53 millionManila
89%
26.00 millionMumbai
89%
5.75 millionSaint Petersburg
89%
41.17 millionTokyo
89%
5.90 millionAlexandria
83%
5.10 millionAnkara
83%
11.25 millionChennai
83%
7.72 millionHong Kong
83%
10.52 millionHyderabad
83%
17.02 millionKolkata
83%
18.92 millionLagos
83%
14.92 millionLondon
83%
6.43 millionMadrid
83%
17.47 millionOsaka
83%
12.95 millionRio De Janeiro
83%
7.92 millionSan Francisco
83%
7.06 millionSantiago
83%
7.96 millionSingapore
83%
5.22 millionSydney
83%
9.80 millionTaipei
83%
15.47 millionTehran
83%
7.59 millionToronto
83%
6.59 millionXi’an
83%
6.93 millionBaghdad
78%
7.00 millionDallas
78%
21.02 millionDhaka
78%
5.15 millionHarbin
78%
8.26 millionHo Chi Minh City
78%
6.50 millionHouston
78%
12.90 millionKinshasa
78%
5.00 millionMelbourne
78%
11.83 millionNagoya
78%
8.00 millionRiyadh
78%
9.71 millionWuhan
78%
9.90 millionXiamen
78%
8.16 millionAhmedabad
72%
12.05 millionBangalore
72%
9.90 millionChicago
72%
5.40 millionGuadalajara
72%
8.29 millionKuala Lumpur
72%
8.09 millionLuanda
72%
6.16 millionMiami
72%
6.45 millionNanjing
72%
7.23 millionPhiladelphia
72%
12.36 millionTianjin
72%
8.21 millionWashington D.C.
72%
6.91 millionBandung
67%
5.10 millionBelo Horizonte
67%
7.84 millionBoston
67%
6.29 millionKhartoum
67%
6.14 millionMilan
67%
6.00 millionNairobi
67%
6.52 millionPune
67%
5.52 millionAbidjan
61%
6.30 millionDar Es Salaam
61%
5.42 millionDubai
61%
8.00 millionShenyang
61%
6.10 millionSurabaya
61%
5.50 millionYangon
61%
5.90 millionAtlanta
56%
5.82 millionDetroit
56%
5.04 millionMonterrey
56%
6.45 millionSurat
56%
5.20 millionAccra
50%
5.50 millionAmman
50%
6.10 millionQingdao
50%
5.80 millionThe Ruhr
50%
7.81 millionShantou
44%
5.10 millionZhengzhou
44%
5.07 millionCologne / Düsseldorf
39%
5.26 millionWenzhou
39%

Score Distribution

Percentile by Number Answered

Percent of People with Each Score

Your Score History

You have not taken this quiz